LIBRARY & INFORMATION CENTRE, KCAET, TAVANUR

ONLINE PUBLIC ACCESS CATALOGUE (OPAC)

Volocolomsk highway / (Record no. 11808)

MARC details
000 -LEADER
fixed length control field 00372cam a2200145ua 4500
041 ## - LANGUAGE CODE
Language code of text/sound track or separate title eng
082 ## - DEWEY DECIMAL CLASSIFICATION NUMBER
Classification number 828
Item number BEK/VOL
100 ## - MAIN ENTRY--AUTHOR NAME
Personal name Bek, Alexander .
245 ## - TITLE STATEMENT
Title Volocolomsk highway /
260 ## - PUBLICATION, DISTRIBUTION, ETC. (IMPRINT)
Place of publication Moscow :
Name of publisher Foreign Language Publishing House ,
Year of publication 1960.
300 ## - PHYSICAL DESCRIPTION
Number of Pages 330 ; .
942 ## - ADDED ENTRY ELEMENTS (KOHA)
Koha item type Books
Holdings
Withdrawn status Lost status Damaged status Home library Current library Date acquired Full call number Accession Number Koha item type
Withdrawn     KAUAET Sanskrit University 07/04/2012 828 9117 Books
free website counter